000 01019nam a2200301 i 4500
003 EG-GICUC
005 20260418114613.0
008 260418s1914 fr | fr|||| 00| 0 fre d
040 _aEG-GiCUC
_bfre
_cEG-GiCUC
_dEG-GiCUC
_eRda
041 _afre
082 0 4 _221
_a343.6
_bGA . T
092 0 4 _221
099 _aLaw1 10 343.6 GA . T 1914
100 1 _aGarraud, René.
_eAuteur
245 1 0 _aTraité Théorique et Pratique du Droit Pénal Français /
_cpar R. Garraud.
250 _aTroisième édition, complètement revue et considérablement augmentée
264 _a Paris :
_b Librairie de la Société du Recueil Sirey,
_c1914.
300 _a851 page;
_c 24 cm.
336 _2rda contenu
_a texte
337 _2rda medias
_aOrdinateur
338 _2 transporteur rda
_a Ressource en ligne
546 _aTexte en français
650 1 _aDroit pénal
_zFrance
_2qrmak
651 1 _2qrmak
856 4 0 _uhttps://fll.law.cu.edu.eg/fulltext/bks/B10-09834.pdf
905 _a167
942 _2ddc
_cBK
_e21
_n0
999 _c71630
_d71630